书目信息 |
| 题名: |
管理统计
|
|
| 作者: | 马庆国 著 | |
| 分册: | ||
| 出版信息: | 北京 科学出版社 2006.01 |
|
| 页数: | 394页 | |
| 开本: | 26cm | |
| 丛书名: | ||
| 单 册: | ||
| 中图分类: | F222 | |
| 科图分类: | ||
| 主题词: | 经济数学--方法 | |
| 电子资源: | ||
| ISBN: | 7-03-010750-0 | |
| 000 | 00607 nam 000217 | |
| 001 | 0100002223 | |
| 005 | 20070902151806.26 | |
| 010 | @a7-03-010750-0@dCNY39.00 | |
| 100 | @a20070807d2006 em y0chiy0121 ea | |
| 101 | @achi | |
| 102 | @aCN@b110000 | |
| 105 | @ay z 000yy | |
| 200 | 10 | @a管理统计@9guan li tong ji@e数据获取,统计原理,SPSS工具与应用研究@f马庆国著@Fma qing guo zhu |
| 210 | @a北京@c科学出版社@d2006.01 | |
| 215 | @a394页@e光盘1@d26cm | |
| 606 | @a经济数学@x方法 | |
| 690 | @aF222@v4 | |
| 701 | 0 | @a马庆国@9ma qing guo@4著 |
| 801 | @aCN@c20070902 | |
| 901 | @a000003 | |
| 905 | @dF222@eM133 | |
| 管理统计:数据获取,统计原理,SPSS工具与应用研究/马庆国著.-北京:科学出版社,2006.01 |
| 394页+光盘1;26cm |
| ISBN 7-03-010750-0:CNY39.00 |
| ● |
| 相关链接 |
|
|
|
正题名:管理统计
索取号:F222/M133
 
预约/预借
| 序号 | 登录号 | 条形码 | 馆藏地/架位号 | 状态 | 备注 |
| 1 | 644847 | 206448478 | 社科库409/409社科库 72排3列3层/ [索取号:F222/M133] | 在馆 | |
| 2 | 644848 | 206448487 | 社科二线422/409社科库 72排3列3层/ [索取号:F222/M133] | 在馆 | |
| 3 | 644849 | 206448496 | 社科二线422/409社科库 72排3列3层/ [索取号:F222/M133] | 在馆 |